=LDR 00000nam 2200000 4500 =001 INLIS000000000027209 =005 20130612125613 =008 ***********************************Ind** =035 ##$$0010-061300000027209 =041 ##$$a Ind =082 ##$$a 604.6 =090 ##$$a 604.6, Sri m =100 ##$$a Sri Muljaningsih =245 ##$$a Membuat kertas daur ulang berwawasan lingkungan, Sri Muljaningsih ; penyunting, Mulyono =260 ##$$a 1999 $b Jakarta =300 ##$$a vii, 32 hlm, ilus, 20 cm =650 ##$$a Daur Ulang Kertas =700 ##$$a Mulyana =850 ##$$a NBPNMAT =990 ##$$a 0001/BPAP-NTB/2016